00366nam a2200121Ia 4500008004000000082001700040100001900057245006600076250000500142260003900147300001300186650004500199210210b1976 xxu||||| |||| 00| 0 eng d a581.634 IYEB aIYENGAR (M A). aBibliography of investigated Indian medicinal plants. 1950-75 a aManipalbCollege of pharmacyc1976 aviii,144 aBibliography, Indians Medicinal Plants